Multimedia services in wireless internet : modeling and analysis (Record no. 11761)

000 -LEADER
fixed length control field 01405cam a2200349 a 4500
001 - CONTROL NUMBER
control field 15626650
005 - DATE AND TIME OF LATEST TRANSACTION
control field 20170105102347.0
008 - FIXED-LENGTH DATA ELEMENTS--GENERAL INFORMATION
fixed length control field 090217s2009 enka b 001 0 eng
010 ## - LIBRARY OF CONGRESS CONTROL NUMBER
LC control number 2009005785
015 ## - NATIONAL BIBLIOGRAPHY NUMBER
National bibliography number GBA957651
Source bnb
016 7# - NATIONAL BIBLIOGRAPHIC AGENCY CONTROL NUMBER
Record control number 015287370
Source Uk
020 ## - INTERNATIONAL STANDARD BOOK NUMBER
International Standard Book Number 9780470770658 (cloth)
020 ## - INTERNATIONAL STANDARD BOOK NUMBER
International Standard Book Number 0470770651 (cloth)
035 ## - SYSTEM CONTROL NUMBER
System control number (OCoLC)ocn310400178
040 ## - CATALOGING SOURCE
Original cataloging agency DLC
Transcribing agency DLC
Modifying agency BTCTA
-- UKM
-- YDXCP
-- BWKUK
-- BWK
-- CDX
-- BWX
-- DLC
050 00 - LIBRARY OF CONGRESS CALL NUMBER
Classification number TK5103.4885
Item number .C35 2009
082 00 - DEWEY DECIMAL CLASSIFICATION NUMBER
Classification number 621.3821
Edition number 22
100 1# - MAIN ENTRY--PERSONAL NAME
Personal name Cai, Lin,
Dates associated with a name 1973-
245 10 - TITLE STATEMENT
Title Multimedia services in wireless internet : modeling and analysis
Remainder of title modeling and analysis
Statement of responsibility, etc. Lin Cai, Xuemin (Sherman) Shen, Jon W. Mark.
260 ## - PUBLICATION, DISTRIBUTION, ETC.
Place of publication, distribution, etc. Chichester, U.K. :
Name of publisher, distributor, etc. Wiley,
Date of publication, distribution, etc. 2009.
300 ## - PHYSICAL DESCRIPTION
Extent xviii, 271 p. :
Other physical details ill. ;
Dimensions 26 cm.
440 #0 - SERIES STATEMENT/ADDED ENTRY--TITLE
Title Wiley series on wireless communications and mobile computing
504 ## - BIBLIOGRAPHY, ETC. NOTE
Bibliography, etc. note Includes bibliographical references and index.
650 #0 - SUBJECT ADDED ENTRY--TOPICAL TERM
Topical term or geographic name entry element Wireless Internet
General subdivision Mathematical models.
650 #0 - SUBJECT ADDED ENTRY--TOPICAL TERM
Topical term or geographic name entry element Multimedia communications
General subdivision Simulation methods.
650 #0 - SUBJECT ADDED ENTRY--TOPICAL TERM
Topical term or geographic name entry element Wireless communication systems
General subdivision Quality control.
700 1# - ADDED ENTRY--PERSONAL NAME
Personal name Shen, X.
Fuller form of name (Xuemin),
Dates associated with a name 1958-
700 1# - ADDED ENTRY--PERSONAL NAME
Personal name Mark, Jon W.
906 ## - LOCAL DATA ELEMENT F, LDF (RLIN)
a 7
b cbc
c orignew
d 1
e ecip
f 20
g y-gencatlg
942 ## - ADDED ENTRY ELEMENTS (KOHA)
Source of classification or shelving scheme
Koha item type Book
Holdings
Withdrawn status Lost status Damaged status Not for loan Collection code Permanent Location Current Location Shelving location Date acquired Source of acquisition Cost, normal purchase price Total Checkouts Full call number Barcode Date last seen Price effective from Koha item type
          Central Library (CL) Central Library (CL) General Stacks 04/09/2013 Progressive International Agencies 8631.75   621.3821 CAI SEECS012233 04/16/2013 04/16/2013 Book
© 2023 Central Library, National University of Sciences and Technology. All Rights Reserved.